<?xml version="1.0" encoding="UTF-8"?>
<record
    xmlns:xsi="http://www.w3.org/2001/XMLSchema-instance"
    xsi:schemaLocation="http://www.loc.gov/MARC21/slim http://www.loc.gov/standards/marcxml/schema/MARC21slim.xsd"
    xmlns="http://www.loc.gov/MARC21/slim">

  <leader>01837nam a22002777a 4500</leader>
  <controlfield tag="001">1316</controlfield>
  <controlfield tag="005">20251209081931.0</controlfield>
  <datafield tag="020" ind1=" " ind2=" ">
    <subfield code="a">9789995054960</subfield>
  </datafield>
  <datafield tag="040" ind1=" " ind2=" ">
    <subfield code="a">FISKH</subfield>
    <subfield code="b">eng</subfield>
    <subfield code="c">FISKH</subfield>
    <subfield code="d">FISKH</subfield>
  </datafield>
  <datafield tag="082" ind1=" " ind2=" ">
    <subfield code="a">510.71</subfield>
  </datafield>
  <datafield tag="100" ind1=" " ind2=" ">
    <subfield code="a">Arnaron, Kim </subfield>
  </datafield>
  <datafield tag="245" ind1=" " ind2=" ">
    <subfield code="a">&#x1780;&#x17C6;&#x1796;&#x17BC;&#x179B;&#x179C;&#x17B7;&#x179F;&#x17B6;&#x179B; / </subfield>
    <subfield code="c">&#x1793;&#x17B7;&#x1796;&#x1793;&#x17D2;&#x1792;&#x178A;&#x17C4;&#x1799; &#x1782;&#x17B8;&#x1798;&#x200B; &#x17A2;&#x17B6;&#x1793;&#x17A2;&#x17B6;&#x179A;&#x17BB;&#x178E; - &#x1782;&#x17BC;&#x179A;&#x17BC;&#x1794;&#x178A;&#x17C4;&#x1799; &#x179F;&#x17C1;&#x1784; &#x179C;&#x17B7;&#x179F;&#x17B6;&#x179B; </subfield>
  </datafield>
  <datafield tag="250" ind1=" " ind2=" ">
    <subfield code="a">&#x1794;&#x17C4;&#x17C7;&#x1796;&#x17BB;&#x1798;&#x17D2;&#x1796;&#x179B;&#x17BE;&#x1780;&#x1791;&#x17B8; &#x17E7; &#x1781;&#x17C2; &#x1780;&#x1789;&#x17D2;&#x1789;&#x17B6; &#x1786;&#x17D2;&#x1793;&#x17B6;&#x17C6;&#x200B; &#x17E2;&#x17E0;&#x17E2;&#x17E1; </subfield>
  </datafield>
  <datafield tag="260" ind1=" " ind2=" ">
    <subfield code="a">Phnom Penh : </subfield>
    <subfield code="b">Sipar, </subfield>
    <subfield code="c">2021. </subfield>
  </datafield>
  <datafield tag="300" ind1=" " ind2=" ">
    <subfield code="a">40 pages : </subfield>
    <subfield code="b">color illustrations ; </subfield>
    <subfield code="c">24 cm  </subfield>
  </datafield>
  <datafield tag="490" ind1=" " ind2=" ">
    <subfield code="a">&#x1781;&#x17D2;&#x1789;&#x17BB;&#x17C6;&#x1785;&#x1784;&#x17CB;&#x17A2;&#x17B6;&#x1793; </subfield>
  </datafield>
  <datafield tag="505" ind1=" " ind2=" ">
    <subfield code="a">P 
</subfield>
  </datafield>
  <datafield tag="520" ind1=" " ind2=" ">
    <subfield code="a">&#x179C;&#x17B7;&#x179F;&#x17B6;&#x179B; &#x1780;&#x17C6;&#x1796;&#x17BC;&#x179B;&#x178A;&#x17C3;&#x1797;&#x17D2;&#x179B;&#x17BE;&#x1784;&#x1787;&#x17BE;&#x1784;&#x1798;&#x17B6;&#x1793;&#x17CB; &#x179F;&#x1798;&#x17D2;&#x1794;&#x17BC;&#x179A;&#x1782;&#x17C6;&#x1793;&#x17B7;&#x178F;&#x1794;&#x17D2;&#x179B;&#x17C2;&#x1780;&#x17D7;&#x17D4; &#x178F;&#x17C2;&#x1782;&#x17C1;&#x1780;&#x17CF;&#x178F;&#x17D2;&#x179A;&#x17BC;&#x179C;&#x1799;&#x17B6;&#x1799;&#x179F;&#x17D2;&#x178A;&#x17B8;&#x17B3;&#x17D2;&#x1799;&#x1782;&#x17D2;&#x1798;&#x17B6;&#x1793;&#x179B;&#x17C4;&#x17C7;&#x1790;&#x17D2;&#x1784;&#x17C3;&#x178A;&#x17C2;&#x179A; &#x1796;&#x17D2;&#x179A;&#x17C4;&#x17C7;&#x1794;&#x17C6;&#x178E;&#x1784;&#x179B;&#x17D2;&#x17A2;&#x179A;&#x1794;&#x179F;&#x17CB;&#x1782;&#x17C1;&#x178F;&#x17C2;&#x1784;&#x1792;&#x17D2;&#x179C;&#x17BE;&#x17B3;&#x17D2;&#x1799;&#x1799;&#x17B6;&#x1799;&#x1788;&#x17BA;&#x1780;&#x17D2;&#x1794;&#x17B6;&#x179B;&#x1787;&#x17B6;&#x1793;&#x17B7;&#x1785;&#x17D2;&#x1785;&#x17D4; &#x178A;&#x17BE;&#x1798;&#x17D2;&#x1794;&#x17B8;&#x17B3;&#x17D2;&#x1799;&#x1799;&#x17B6;&#x1799;&#x179F;&#x17D2;&#x179A;&#x179B;&#x17B6;&#x1789;&#x17CB;&#x179C;&#x17B7;&#x179F;&#x17B6;&#x179B;&#x1794;&#x17B6;&#x1793;&#x1794;&#x178F;&#x17CB;&#x179F;&#x178F;&#x17D2;&#x179C;&#x1780;&#x17D2;&#x179A;&#x17C0;&#x179B;&#x1792;&#x17D2;&#x179C;&#x17BE;&#x1787;&#x17B6;&#x1780;&#x17B6;&#x17C6;&#x1787;&#x17D2;&#x179A;&#x17BD;&#x1785;&#x17A2;&#x17C4;&#x1799;&#x1799;&#x17B6;&#x1799;&#x17D4; </subfield>
  </datafield>
  <datafield tag="520" ind1=" " ind2=" ">
    <subfield code="a">Visal is the all thumb child  who full of strange ideas. His grandmother always blame him, because his good intentions always give her a headache. To get a love from her, Visal turned the crane paper into a fireworks.</subfield>
  </datafield>
  <datafield tag="521" ind1=" " ind2=" ">
    <subfield code="a">650 
</subfield>
    <subfield code="b">Lexile estimate 
</subfield>
  </datafield>
  <datafield tag="521" ind1=" " ind2=" ">
    <subfield code="a">P 
</subfield>
    <subfield code="b">Raz-Plus 
</subfield>
  </datafield>
  <datafield tag="650" ind1=" " ind2=" ">
    <subfield code="a">&#x179F;&#x17D2;&#x178A;&#x17B8;&#x1794;&#x1793;&#x17D2;&#x1791;&#x17C4;&#x179F; </subfield>
    <subfield code="v">&#x178A;&#x17C3;&#x1797;&#x17D2;&#x179B;&#x17BE;&#x1784;&#x1787;&#x17BE;&#x1784;&#x1798;&#x17B6;&#x1793;&#x17CB; </subfield>
    <subfield code="x">&#x179F;&#x178F;&#x17D2;&#x179C;&#x1780;&#x17D2;&#x179A;&#x17C0;&#x179B; </subfield>
    <subfield code="y">&#x17A2;&#x17C6;&#x178E;&#x17C4;&#x1799; </subfield>
  </datafield>
  <datafield tag="650" ind1=" " ind2=" ">
    <subfield code="a">Blame </subfield>
    <subfield code="v">all thumb </subfield>
    <subfield code="x">Crane </subfield>
    <subfield code="y">Gift </subfield>
  </datafield>
  <datafield tag="700" ind1=" " ind2=" ">
    <subfield code="a">Visal, Seng </subfield>
    <subfield code="c">illustrator </subfield>
  </datafield>
  <datafield tag="942" ind1=" " ind2=" ">
    <subfield code="2">ddc</subfield>
    <subfield code="c">BK</subfield>
    <subfield code="n">0</subfield>
  </datafield>
  <datafield tag="999" ind1=" " ind2=" ">
    <subfield code="c">1316</subfield>
    <subfield code="d">1316</subfield>
  </datafield>
  <datafield tag="952" ind1=" " ind2=" ">
    <subfield code="0">0</subfield>
    <subfield code="1">0</subfield>
    <subfield code="2">ddc</subfield>
    <subfield code="4">0</subfield>
    <subfield code="7">0</subfield>
    <subfield code="8">KH</subfield>
    <subfield code="a">001</subfield>
    <subfield code="b">001</subfield>
    <subfield code="c">KHRS</subfield>
    <subfield code="d">2023-08-15</subfield>
    <subfield code="l">1</subfield>
    <subfield code="o">ARN 510.71</subfield>
    <subfield code="p">2023-0261</subfield>
    <subfield code="r">2025-11-21 14:15:17</subfield>
    <subfield code="s">2025-10-28</subfield>
    <subfield code="t">1</subfield>
    <subfield code="w">2023-08-15</subfield>
    <subfield code="y">KHB</subfield>
  </datafield>
  <datafield tag="952" ind1=" " ind2=" ">
    <subfield code="0">0</subfield>
    <subfield code="1">0</subfield>
    <subfield code="2">ddc</subfield>
    <subfield code="4">0</subfield>
    <subfield code="7">0</subfield>
    <subfield code="8">KH</subfield>
    <subfield code="a">001</subfield>
    <subfield code="b">001</subfield>
    <subfield code="c">KHRS</subfield>
    <subfield code="d">2023-08-15</subfield>
    <subfield code="l">0</subfield>
    <subfield code="o">ARN 510.71</subfield>
    <subfield code="p">2023-0262</subfield>
    <subfield code="r">2023-08-15 09:58:57</subfield>
    <subfield code="t">2</subfield>
    <subfield code="w">2023-08-15</subfield>
    <subfield code="y">KHB</subfield>
  </datafield>
  <datafield tag="952" ind1=" " ind2=" ">
    <subfield code="0">0</subfield>
    <subfield code="1">0</subfield>
    <subfield code="2">ddc</subfield>
    <subfield code="4">0</subfield>
    <subfield code="7">0</subfield>
    <subfield code="8">KH</subfield>
    <subfield code="a">001</subfield>
    <subfield code="b">001</subfield>
    <subfield code="c">KHRS</subfield>
    <subfield code="d">2023-08-15</subfield>
    <subfield code="l">0</subfield>
    <subfield code="o">ARN 510.71</subfield>
    <subfield code="p">FISTK04002</subfield>
    <subfield code="r">2023-10-10 09:31:05</subfield>
    <subfield code="t">3</subfield>
    <subfield code="w">2023-08-15</subfield>
    <subfield code="y">KHB</subfield>
  </datafield>
  <datafield tag="952" ind1=" " ind2=" ">
    <subfield code="0">0</subfield>
    <subfield code="1">0</subfield>
    <subfield code="2">ddc</subfield>
    <subfield code="4">0</subfield>
    <subfield code="7">0</subfield>
    <subfield code="8">KH</subfield>
    <subfield code="a">001</subfield>
    <subfield code="b">001</subfield>
    <subfield code="c">OKHR</subfield>
    <subfield code="d">2024-06-27</subfield>
    <subfield code="l">0</subfield>
    <subfield code="o">ARN 510.71</subfield>
    <subfield code="p">FISTKG3A012</subfield>
    <subfield code="r">2024-06-27 09:33:17</subfield>
    <subfield code="t">4</subfield>
    <subfield code="w">2024-06-27</subfield>
    <subfield code="y">KHB</subfield>
  </datafield>
  <datafield tag="952" ind1=" " ind2=" ">
    <subfield code="0">0</subfield>
    <subfield code="1">0</subfield>
    <subfield code="2">ddc</subfield>
    <subfield code="4">0</subfield>
    <subfield code="7">0</subfield>
    <subfield code="8">KH</subfield>
    <subfield code="a">001</subfield>
    <subfield code="b">001</subfield>
    <subfield code="c">OKHR</subfield>
    <subfield code="d">2024-06-27</subfield>
    <subfield code="l">0</subfield>
    <subfield code="o">ARN 510.71</subfield>
    <subfield code="p">FISTK04001</subfield>
    <subfield code="r">2024-06-27 09:58:01</subfield>
    <subfield code="t">5</subfield>
    <subfield code="w">2024-06-27</subfield>
    <subfield code="y">KHB</subfield>
  </datafield>
  <datafield tag="952" ind1=" " ind2=" ">
    <subfield code="0">0</subfield>
    <subfield code="1">0</subfield>
    <subfield code="2">ddc</subfield>
    <subfield code="4">0</subfield>
    <subfield code="7">0</subfield>
    <subfield code="8">KH</subfield>
    <subfield code="a">001</subfield>
    <subfield code="b">001</subfield>
    <subfield code="c">TTP</subfield>
    <subfield code="d">2024-06-27</subfield>
    <subfield code="l">0</subfield>
    <subfield code="o">ARN 510.71</subfield>
    <subfield code="p">FIS072175</subfield>
    <subfield code="r">2024-09-06 11:59:32</subfield>
    <subfield code="t">6</subfield>
    <subfield code="w">2024-06-27</subfield>
    <subfield code="y">KHB</subfield>
  </datafield>
  <datafield tag="952" ind1=" " ind2=" ">
    <subfield code="0">0</subfield>
    <subfield code="1">0</subfield>
    <subfield code="2">ddc</subfield>
    <subfield code="4">0</subfield>
    <subfield code="7">0</subfield>
    <subfield code="8">KH</subfield>
    <subfield code="a">002</subfield>
    <subfield code="b">002</subfield>
    <subfield code="c">TTP Khmer</subfield>
    <subfield code="d">2025-09-16</subfield>
    <subfield code="l">0</subfield>
    <subfield code="o">ARN 510.71</subfield>
    <subfield code="p">FIS04561</subfield>
    <subfield code="r">2025-09-16 11:03:42</subfield>
    <subfield code="t">7</subfield>
    <subfield code="w">2025-09-16</subfield>
    <subfield code="y">KHB</subfield>
  </datafield>
  <datafield tag="952" ind1=" " ind2=" ">
    <subfield code="0">0</subfield>
    <subfield code="1">0</subfield>
    <subfield code="2">ddc</subfield>
    <subfield code="4">0</subfield>
    <subfield code="7">0</subfield>
    <subfield code="8">KH</subfield>
    <subfield code="a">002</subfield>
    <subfield code="b">002</subfield>
    <subfield code="c">TTP Khmer</subfield>
    <subfield code="d">2025-12-08</subfield>
    <subfield code="l">0</subfield>
    <subfield code="o">ARN 510.71</subfield>
    <subfield code="p">2025-5078</subfield>
    <subfield code="r">2025-12-08 15:14:02</subfield>
    <subfield code="t">8</subfield>
    <subfield code="w">2025-12-08</subfield>
    <subfield code="y">KHB</subfield>
  </datafield>
  <datafield tag="952" ind1=" " ind2=" ">
    <subfield code="0">0</subfield>
    <subfield code="1">0</subfield>
    <subfield code="2">ddc</subfield>
    <subfield code="4">0</subfield>
    <subfield code="7">0</subfield>
    <subfield code="8">KH</subfield>
    <subfield code="a">002</subfield>
    <subfield code="b">002</subfield>
    <subfield code="c">TTP Khmer</subfield>
    <subfield code="d">2025-12-12</subfield>
    <subfield code="l">0</subfield>
    <subfield code="o">ARN 510.71</subfield>
    <subfield code="p">2025-5123</subfield>
    <subfield code="r">2025-12-12 10:57:49</subfield>
    <subfield code="t">9</subfield>
    <subfield code="w">2025-12-12</subfield>
    <subfield code="y">KHB</subfield>
  </datafield>
</record>
